[Event "3. Open Distrito Chamartín 2014"]
[Site "Madrid ESP"]
[Date "2014.09.09"]
[Round "3.13"]
[White "Corral Aragon, Juan Maria"]
[Black "Cuellar Gutierrez, Raul"]
[Result "1-0"]
[WhiteElo "1839"]
[BlackElo "1690"]
[PlyCount "109"]
[EventDate "2014.09.07"]
[EventType "swiss"]
[EventRounds "9"]
[EventCountry "ESP"]
[SourceTitle "Ajedrez en Madrid"]
[Source "lmi"]
[SourceDate "2014.09.07"]
[SourceVersion "1"]
[SourceVersionDate "2015.07.30"]
[SourceQuality "1"]

1. e4 c5 2. Nf3 d6 3. d4 cxd4 4. Nxd4 Nf6 5. Nc3 a6 6. Bg5 e5 7. Bxf6 Qxf6 8.
Nd5 Qd8 9. Nf5 g6 10. Nfe3 Bg7 11. Nc4 Be6 12. Ndb6 Bxc4 13. Nxc4 Bf8 14. Qd5
Nc6 15. O-O-O Bh6+ 16. Kb1 O-O 17. Nxd6 Qc7 18. c3 Rad8 19. Bc4 Na5 20. Bb3
Nxb3 21. axb3 b5 22. Qb7 Qxb7 23. Nxb7 Rxd1+ 24. Rxd1 f5 25. exf5 Rxf5 26. f3
Rf6 27. Rd8+ Rf8 28. c4 Rxd8 29. Nxd8 Be3 30. Nc6 Kf7 31. Nxe5+ Ke6 32. Nd3 Kd6
33. Kc2 Kc6 34. Nb4+ Kb7 35. Nd5 Bg1 36. h3 Kc6 37. Nf6 bxc4 38. bxc4 h5 39. b4
Bf2 40. Nd5 Bg3 41. Ne7+ Kb6 42. Nxg6 a5 43. bxa5+ Kxa5 44. f4 Kb4 45. Kd3 Kc5
46. f5 Kd6 47. Ke4 Be1 48. c5+ Kxc5 49. f6 Bc3 50. f7 Bg7 51. f8=Q+ Bxf8 52.
Nxf8 Kd6 53. Kf5 Ke7 54. Ng6+ Kf7 55. Kg5 1-0

[Event "3. Open Distrito Chamartín 2014"]
[Site "Madrid ESP"]
[Date "2014.09.09"]
[Round "3.14"]
[White "Martinez Rubio, Felipe"]
[Black "Martinez Pintor, Juan"]
[Result "1/2-1/2"]
[WhiteElo "1835"]
[BlackElo "1668"]
[PlyCount "131"]
[EventDate "2014.09.07"]
[EventType "swiss"]
[EventRounds "9"]
[EventCountry "ESP"]
[SourceTitle "Ajedrez en Madrid"]
[Source "lmi"]
[SourceDate "2014.09.07"]
[SourceVersion "1"]
[SourceVersionDate "2015.07.30"]
[SourceQuality "1"]

1. d4 d5 2. Nf3 Nf6 3. Bf4 c6 4. e3 g6 5. c4 Qb6 6. Qc1 Bf5 7. Nc3 Nbd7 8. Be2
Bg7 9. h3 Ne4 10. O-O Qa5 11. Nxe4 Bxe4 12. Nd2 Nf6 13. g4 dxc4 14. Bxc4 O-O
15. Be5 Bd5 16. Bd3 Nd7 17. Bxg7 Kxg7 18. a3 e5 19. b4 Qd8 20. dxe5 Nxe5 21.
Qc3 Qf6 22. Rac1 Nf3+ 23. Nxf3 Qxc3 24. Rxc3 Bxf3 25. Kh2 h5 26. Kg3 hxg4 27.
hxg4 Bd5 28. e4 Be6 29. f4 f5 30. exf5 gxf5 31. Re1 Kf6 32. Bxf5 Bxf5 33. gxf5
Kxf5 34. Rc5+ Kf6 35. Rce5 Rf7 36. Re6+ Kg7 37. Re7 Kf8 38. Rxf7+ Kxf7 39. Rh1
Rg8+ 40. Kf3 Rg7 41. Ke4 Ke7 42. a4 Kd7 43. Rd1+ Kc7 44. Ke5 Re7+ 45. Kf5 Re8
46. Rd4 b6 47. Kf6 c5 48. bxc5 bxc5 49. Rc4 Kd6 50. Kf7 Re3 51. f5 Kd5 52. Rc1
c4 53. f6 c3 54. a5 Rf3 55. Ke7 Re3+ 56. Kf8 Kc4 57. f7 Kb4 58. Kg7 Rg3+ 59.
Kf6 Rf3+ 60. Ke7 Re3+ 61. Kd6 Rf3 62. Rb1+ Kxa5 63. Kc5 Rf5+ 64. Kc4 c2 65. Rc1
Rxf7 66. Kb3 1/2-1/2

[Event "3. Open Distrito Chamartín 2014"]
[Site "Madrid ESP"]
[Date "2014.09.09"]
[Round "3.15"]
[White "Algaba Traspuesto, Jose Antoni"]
[Black "Sebastian Enesco, Alex"]
[Result "1-0"]
[WhiteElo "1691"]
[BlackElo "1829"]
[PlyCount "79"]
[EventDate "2014.09.07"]
[EventType "swiss"]
[EventRounds "9"]
[EventCountry "ESP"]
[SourceTitle "Ajedrez en Madrid"]
[Source "lmi"]
[SourceDate "2014.09.07"]
[SourceVersion "1"]
[SourceVersionDate "2015.07.30"]
[SourceQuality "1"]

1. d4 c5 2. e3 cxd4 3. exd4 d5 4. Bd3 Nf6 5. c3 Nc6 6. Bf4 Bg4 7. Qb3 Qd7 8.
Nd2 e6 9. Ngf3 Bxf3 10. Nxf3 Bd6 11. Bxd6 Qxd6 12. O-O O-O 13. Rae1 Nd7 14. Re2
a5 15. Rfe1 a4 16. Qc2 g6 17. Bb5 a3 18. b3 Rfc8 19. Bxc6 Rxc6 20. Rc1 Rac8 21.
Qd3 Qc7 22. Rec2 Qa5 23. c4 Qc7 24. c5 Qa5 25. Qc3 Qa6 26. b4 b6 27. Qb3 b5 28.
Rc3 Ra8 29. Qc2 Qa4 30. Rb3 f6 31. Qd3 Nb6 32. Rcc3 Nc4 33. Ne1 Rd8 34. Nc2 e5
35. Rxa3 e4 36. Qe2 Nxa3 37. Rxa3 Qxa3 38. Nxa3 Ra6 39. Nxb5 Rda8 40. a3 1-0

[Event "3. Open Distrito Chamartín 2014"]
[Site "Madrid ESP"]
[Date "2014.09.09"]
[Round "4.1"]
[White "Aziz Ortego, Omar Luis"]
[Black "Roa Alonso, Santiago"]
[Result "0-1"]
[WhiteElo "2094"]
[BlackElo "2397"]
[PlyCount "96"]
[EventDate "2014.09.07"]
[EventType "swiss"]
[EventRounds "9"]
[EventCountry "ESP"]
[SourceTitle "Ajedrez en Madrid"]
[Source "lmi"]
[SourceDate "2014.09.07"]
[SourceVersion "1"]
[SourceVersionDate "2015.07.30"]
[SourceQuality "1"]

1. d4 Nf6 2. c4 e6 3. a3 d5 4. Nc3 c5 5. cxd5 exd5 6. Nf3 Nc6 7. Bg5 Be6 8. e3
h6 9. Bh4 c4 10. Ne5 Be7 11. Qa4 Qa5 12. Be2 Qxa4 13. Nxa4 g5 14. Nxc6 bxc6 15.
Bg3 Ne4 16. Bc7 Kd7 17. Ba5 g4 18. Nc3 f5 19. Nxe4 fxe4 20. Bd1 Rab8 21. Bc3 h5
22. Rc1 h4 23. Rc2 Bg5 24. Re2 g3 25. hxg3 hxg3 26. Rxh8 Rxh8 27. fxg3 Bg4 28.
Kf2 Bxe2 29. Kxe2 Be7 30. Kf2 Rf8+ 31. Kg1 Bg5 32. Bg4+ Kc7 33. Ba5+ Kb7 34.
Bd2 Rf6 35. Bd7 Kb6 36. g4 a5 37. Bf5 c3 38. bxc3 Kb5 39. Kf2 Kc4 40. Ke2 a4
41. Be1 Kb3 42. Bg3 Kxa3 43. c4 Kb3 44. Be5 a3 45. Bxf6 Bxf6 46. Bd7 a2 47.
Bxc6 dxc4 48. Bxe4 a1=Q 0-1

[Event "3. Open Distrito Chamartín 2014"]
[Site "Madrid ESP"]
[Date "2014.09.09"]
[Round "4.2"]
[White "Lisarri Tomas, Antonio"]
[Black "Fernandez Lledo, Javier"]
[Result "1-0"]
[WhiteElo "2033"]
[BlackElo "2251"]
[PlyCount "69"]
[EventDate "2014.09.07"]
[EventType "swiss"]
[EventRounds "9"]
[EventCountry "ESP"]
[SourceTitle "Ajedrez en Madrid"]
[Source "lmi"]
[SourceDate "2014.09.07"]
[SourceVersion "1"]
[SourceVersionDate "2015.07.30"]
[SourceQuality "1"]

1. e4 d6 2. d4 Nf6 3. f3 e5 4. dxe5 dxe5 5. Qxd8+ Kxd8 6. Bc4 Ke8 7. Be3 c6 8.
a4 Nbd7 9. Ne2 a5 10. g4 h6 11. Ng3 g6 12. h4 Bc5 13. Kf2 Bxe3+ 14. Kxe3 Nc5
15. Nd2 Nfd7 16. h5 Nb6 17. g5 Ke7 18. hxg6 fxg6 19. Rxh6 Rxh6 20. gxh6 Nbxa4
21. b3 Nb6 22. b4 Be6 23. Rxa5 Nxc4+ 24. Nxc4 Na6 25. Nxe5 Kf6 26. f4 Rh8 27.
Nxc6 Rxh6 28. e5+ Kf7 29. Nd8+ Ke7 30. Nxe6 Kxe6 31. Rb5 Rh7 32. c4 Rc7 33.
Rb6+ Kf7 34. Ne4 Ke7 35. Nd6 1-0

[Event "3. Open Distrito Chamartín 2014"]
[Site "Madrid ESP"]
[Date "2014.09.09"]
[Round "4.3"]
[White "Lopez Heras, Arturo"]
[Black "Nieto De La Cruz, Julio"]
[Result "0-1"]
[WhiteElo "1879"]
[BlackElo "2179"]
[PlyCount "84"]
[EventDate "2014.09.07"]
[EventType "swiss"]
[EventRounds "9"]
[EventCountry "ESP"]
[SourceTitle "Ajedrez en Madrid"]
[Source "lmi"]
[SourceDate "2014.09.07"]
[SourceVersion "1"]
[SourceVersionDate "2015.07.30"]
[SourceQuality "1"]

1. d4 c5 2. e3 Nf6 3. Nf3 g6 4. c4 Bg7 5. Nc3 O-O 6. Be2 d6 7. O-O Bg4 8. h3
Bf5 9. Nh4 Bd7 10. f4 a6 11. Bd2 cxd4 12. exd4 Qb6 13. Nf3 Qxb2 14. Rb1 Qa3 15.
Rxb7 Nc6 16. Rb3 Qa5 17. Qb1 Nh5 18. Nd5 Qd8 19. Be3 Ng3 20. Re1 Na5 21. Rb4
Bf5 22. Bd3 Nc6 23. Rb6 Rb8 24. Bxf5 Nxf5 25. Rxb8 Qxb8 26. Qe4 Qb2 27. a4 Rb8
28. Nf6+ Bxf6 29. Qxc6 Nxe3 30. Rxe3 Bxd4 31. Nxd4 Qxd4 32. Qe4 Qxe4 33. Rxe4
Kf8 34. Kf2 Rb4 35. g4 Rxa4 36. Ke3 Ra3+ 37. Kd4 Rxh3 38. c5 dxc5+ 39. Kxc5 h5
40. gxh5 Rxh5+ 41. Kb6 a5 42. Rc4 Kg7 0-1

[Event "3. Open Distrito Chamartín 2014"]
[Site "Madrid ESP"]
[Date "2014.09.09"]
[Round "4.4"]
[White "Perez Mitjans, Orelvis"]
[Black "Alvarez Serrano, Carlos"]
[Result "1-0"]
[WhiteElo "2440"]
[BlackElo "1936"]
[PlyCount "43"]
[EventDate "2014.09.07"]
[EventType "swiss"]
[EventRounds "9"]
[EventCountry "ESP"]
[SourceTitle "Ajedrez en Madrid"]
[Source "lmi"]
[SourceDate "2014.09.07"]
[SourceVersion "1"]
[SourceVersionDate "2015.07.30"]
[SourceQuality "1"]

1. e4 c5 2. Nf3 d6 3. d4 cxd4 4. Qxd4 Nc6 5. Bb5 Bd7 6. Bxc6 Bxc6 7. Nc3 Nf6 8.
Bg5 e6 9. O-O-O Be7 10. Kb1 O-O 11. Qd3 h6 12. Bc1 Qc7 13. Nd4 Kh8 14. f4 a6
15. g4 Nxg4 16. Rhg1 Nf6 17. Qh3 Rg8 18. Rd3 b5 19. f5 e5 20. Bxh6 gxh6 21.
Qxh6+ Nh7 22. Qxh7+ 1-0

[Event "3. Open Distrito Chamartín 2014"]
[Site "Madrid ESP"]
[Date "2014.09.09"]
[Round "4.5"]
[White "Gonzalez Perez, Pedro"]
[Black "Barria Zuniga, Daniel"]
[Result "1/2-1/2"]
[WhiteElo "2009"]
[BlackElo "2427"]
[PlyCount "71"]
[EventDate "2014.09.07"]
[EventType "swiss"]
[EventRounds "9"]
[EventCountry "ESP"]
[SourceTitle "Ajedrez en Madrid"]
[Source "lmi"]
[SourceDate "2014.09.07"]
[SourceVersion "1"]
[SourceVersionDate "2015.07.30"]
[SourceQuality "1"]

1. d4 Nf6 2. c4 e6 3. Nc3 Bb4 4. e3 c5 5. Nge2 b6 6. a3 Ba5 7. Rb1 Na6 8. Bd2
O-O 9. d5 d6 10. g3 exd5 11. cxd5 Bf5 12. Rc1 Qd7 13. Nf4 Nc7 14. Bg2 Rae8 15.
O-O b5 16. Re1 h6 17. f3 Bh7 18. e4 Qd8 19. Nce2 Bb6 20. Kh1 Nd7 21. Bc3 Ne5
22. Bxe5 Rxe5 23. Nd3 Ree8 24. Nef4 a5 25. b3 Qf6 26. Qd2 Qg5 27. Qb2 Re7 28.
Nh3 Qh5 29. Nhf4 Qg5 30. Nh3 Qh5 31. Nhf4 Qg5 32. Nh3 Qf6 33. Qxf6 gxf6 34. g4
h5 35. g5 f5 36. Nhf4 1/2-1/2

[Event "3. Open Distrito Chamartín 2014"]
[Site "Madrid ESP"]
[Date "2014.09.09"]
[Round "4.6"]
[White "Hernando Pertierra, Jose C"]
[Black "Balsinde Montemayor, Pablo"]
[Result "1-0"]
[WhiteElo "2379"]
[BlackElo "1849"]
[PlyCount "47"]
[EventDate "2014.09.07"]
[EventType "swiss"]
[EventRounds "9"]
[EventCountry "ESP"]
[SourceTitle "Ajedrez en Madrid"]
[Source "lmi"]
[SourceDate "2014.09.07"]
[SourceVersion "1"]
[SourceVersionDate "2015.07.30"]
[SourceQuality "1"]

1. Nf3 d5 2. g3 Nf6 3. Bg2 Bf5 4. d3 h6 5. b3 e6 6. O-O Be7 7. Bb2 O-O 8. Nbd2
Bh7 9. Ne5 Nbd7 10. Nxd7 Nxd7 11. e4 c6 12. Qe2 Bf6 13. e5 Be7 14. f4 Qb6+ 15.
Kh1 Rae8 16. Bh3 c5 17. g4 f6 18. exf6 Bxf6 19. Bxf6 gxf6 20. Rae1 f5 21. Rg1
Kh8 22. gxf5 Bxf5 23. Bxf5 Rxf5 24. Qg4 1-0

[Event "3. Open Distrito Chamartín 2014"]
[Site "Madrid ESP"]
[Date "2014.09.09"]
[Round "4.7"]
[White "Elissalt Cardenas, Hector"]
[Black "Bento Iglesias, Pablo"]
[Result "1-0"]
[WhiteElo "2334"]
[BlackElo "1660"]
[PlyCount "51"]
[EventDate "2014.09.07"]
[EventType "swiss"]
[EventRounds "9"]
[EventCountry "ESP"]
[SourceTitle "Ajedrez en Madrid"]
[Source "lmi"]
[SourceDate "2014.09.07"]
[SourceVersion "1"]
[SourceVersionDate "2015.07.30"]
[SourceQuality "1"]

1. Nf3 d5 2. g3 Nf6 3. c4 c6 4. Bg2 g6 5. O-O Bg7 6. Qc2 O-O 7. d3 Nbd7 8. Nbd2
Re8 9. Rb1 e5 10. e4 dxe4 11. dxe4 c5 12. Rd1 Qc7 13. Nf1 b6 14. Ne3 Bb7 15.
Nd5 Nxd5 16. exd5 Qd6 17. a3 Nf6 18. b4 Bc8 19. bxc5 bxc5 20. Qa4 Bg4 21. h3
Bxf3 22. Bxf3 Re7 23. Be3 Rc7 24. Rb5 Nd7 25. Rc1 Nb6 26. Rxb6 1-0

[Event "3. Open Distrito Chamartín 2014"]
[Site "Madrid ESP"]
[Date "2014.09.09"]
[Round "4.8"]
[White "Pinel Mirasierra, Jose Pablo"]
[Black "Madurga Lopez, Ignacio"]
[Result "1/2-1/2"]
[WhiteElo "1963"]
[BlackElo "2089"]
[PlyCount "123"]
[EventDate "2014.09.07"]
[EventType "swiss"]
[EventRounds "9"]
[EventCountry "ESP"]
[SourceTitle "Ajedrez en Madrid"]
[Source "lmi"]
[SourceDate "2014.09.07"]
[SourceVersion "1"]
[SourceVersionDate "2015.07.30"]
[SourceQuality "1"]

1. d4 Nf6 2. c4 c5 3. Nf3 cxd4 4. Nxd4 e5 5. Nb3 d5 6. g3 dxc4 7. Qxd8+ Kxd8 8.
Na5 Nc6 9. Nxc6+ bxc6 10. Bg2 Kc7 11. Bd2 Be6 12. Ba5+ Kb7 13. Nd2 Bc5 14. Rc1
Bb6 15. Bb4 Nd5 16. Bd6 c3 17. bxc3 Bc7 18. Ba3 Nf6 19. Nb3 Bd5 20. O-O Bxg2
21. Kxg2 Rad8 22. Nc5+ Kc8 23. Rfd1 Rxd1 24. Rxd1 Rd8 25. Rxd8+ Bxd8 26. Bb2
Be7 27. Nd3 Nd7 28. e4 f6 29. Kf1 Nb6 30. Ke2 Kd7 31. Bc1 Nc4 32. Nb2 Ba3 33.
Nd3 Bxc1 34. Nxc1 Kc7 35. Kd3 Nd6 36. Nb3 Kb6 37. c4 Nb7 38. Kc3 Nd8 39. h4 g6
40. Na1 Ne6 41. Nc2 Kc5 42. Na1 h5 43. Nb3+ Kb6 44. Na1 g5 45. Nc2 Kc5 46. Ne3
gxh4 47. gxh4 Nf4 48. Nf5 Nh3 49. f3 Ng1 50. Ng3 Nxf3 51. Nxh5 Nxh4 52. Nxf6
Nf3 53. Ng4 Ng5 54. Kd3 Kd6 55. Ne3 Kc5 56. Ng4 Kd6 57. Ne3 Ne6 58. Nf5+ Kc5
59. Ne7 Nf4+ 60. Kc3 Ne2+ 61. Kd2 Ng3 62. Kd3 1/2-1/2

[Event "3. Open Distrito Chamartín 2014"]
[Site "Madrid ESP"]
[Date "2014.09.09"]
[Round "4.9"]
[White "Garcia Sanz, Eduardo"]
[Black "Gonzalez Aguirre, Luis"]
[Result "0-1"]
[WhiteElo "1851"]
[BlackElo "2089"]
[PlyCount "88"]
[EventDate "2014.09.07"]
[EventType "swiss"]
[EventRounds "9"]
[EventCountry "ESP"]
[SourceTitle "Ajedrez en Madrid"]
[Source "lmi"]
[SourceDate "2014.09.07"]
[SourceVersion "1"]
[SourceVersionDate "2015.07.30"]
[SourceQuality "1"]

1. e4 d5 2. exd5 Qxd5 3. Nc3 Qa5 4. Nf3 Nf6 5. Be2 Bf5 6. O-O e6 7. Nd4 Bg6 8.
Bf3 c6 9. Qe2 Be7 10. d3 O-O 11. Re1 Nbd7 12. Bd2 Qb6 13. Nb3 Rfe8 14. Rad1 Qc7
15. g3 Nd5 16. Nxd5 cxd5 17. Bf4 Qb6 18. d4 Rec8 19. c3 Bf8 20. h4 h6 21. g4 a5
22. h5 Bh7 23. g5 hxg5 24. Bxg5 a4 25. Nc1 a3 26. Nb3 axb2 27. Qxb2 Qc7 28. Rc1
Ra6 29. Qd2 Rc6 30. c4 Rxc4 31. Rxc4 dxc4 32. Rc1 c3 33. Qe2 b6 34. d5 Qe5 35.
Qe3 Qxe3 36. Bxe3 Ne5 37. Be2 Ba3 38. Re1 exd5 39. Bxb6 Be4 40. Be3 Nf3+ 41.
Bxf3 Bxf3 42. h6 gxh6 43. Bxh6 Rc4 44. Be3 Rh4 0-1

[Event "3. Open Distrito Chamartín 2014"]
[Site "Madrid ESP"]
[Date "2014.09.09"]
[Round "4.10"]
[White "Soto Martin, Pablo"]
[Black "Gonzalez Mateos, Rafael"]
[Result "1-0"]
[WhiteElo "1781"]
[BlackElo "2016"]
[PlyCount "43"]
[EventDate "2014.09.07"]
[EventType "swiss"]
[EventRounds "9"]
[EventCountry "ESP"]
[SourceTitle "Ajedrez en Madrid"]
[Source "lmi"]
[SourceDate "2014.09.07"]
[SourceVersion "1"]
[SourceVersionDate "2015.07.30"]
[SourceQuality "1"]

1. e4 e6 2. d4 d5 3. Nc3 Bb4 4. e5 c5 5. a3 Bxc3+ 6. bxc3 Ne7 7. Nf3 Nbc6 8. h4
Bd7 9. Rb1 Qc7 10. h5 h6 11. Be2 O-O-O 12. O-O g6 13. Nh2 Rdg8 14. Ng4 Nf5 15.
Bd3 cxd4 16. Nf6 Rg7 17. Bxf5 gxf5 18. cxd4 Ne7 19. Bf4 Ba4 20. Qd2 Ng8 21. Qb4
Bc6 22. Qf8+ 1-0

[Event "3. Open Distrito Chamartín 2014"]
[Site "Madrid ESP"]
[Date "2014.09.09"]
[Round "4.11"]
[White "Renteria, Jorge"]
[Black "Semprun Martinez, Fernando"]
[Result "0-1"]
[WhiteElo "2313"]
[BlackElo "2181"]
[PlyCount "52"]
[EventDate "2014.09.07"]
[EventType "swiss"]
[EventRounds "9"]
[EventCountry "ESP"]
[SourceTitle "Ajedrez en Madrid"]
[Source "lmi"]
[SourceDate "2014.09.07"]
[SourceVersion "1"]
[SourceVersionDate "2015.07.30"]
[SourceQuality "1"]

1. e4 e5 2. Nf3 Nc6 3. d4 exd4 4. Nxd4 Nf6 5. Nxc6 bxc6 6. e5 Qe7 7. Qe2 Nd5 8.
c4 Ba6 9. Qe4 Nb4 10. Nc3 Rd8 11. a3 d5 12. cxd5 cxd5 13. Qf5 Bc8 14. Qh5 Nc2+
15. Kd1 g6 16. Bb5+ Bd7 17. Qg4 Nxa1 18. Bg5 Qe6 19. Qa4 c6 20. Be2 Be7 21.
Bxe7 Qxe7 22. Kd2 Qxe5 23. Rxa1 O-O 24. Qxa7 d4 25. Nd1 Rfe8 26. Bd3 Qg5+ 0-1

[Event "3. Open Distrito Chamartín 2014"]
[Site "Madrid ESP"]
[Date "2014.09.09"]
[Round "4.12"]
[White "Barez Menendez, Hector"]
[Black "Villodre Miranda, Juan Alonso"]
[Result "1-0"]
[WhiteElo "2163"]
[BlackElo "1707"]
[PlyCount "77"]
[EventDate "2014.09.07"]
[EventType "swiss"]
[EventRounds "9"]
[EventCountry "ESP"]
[SourceTitle "Ajedrez en Madrid"]
[Source "lmi"]
[SourceDate "2014.09.07"]
[SourceVersion "1"]
[SourceVersionDate "2015.07.30"]
[SourceQuality "1"]

1. Nf3 d6 2. d4 g6 3. g3 Bg7 4. Bg2 e6 5. c4 Ne7 6. e4 c6 7. O-O O-O 8. Nc3 d5
9. Qe2 h6 10. Rd1 Nd7 11. b3 b6 12. Ba3 dxe4 13. Nxe4 Nf6 14. Ne5 Nxe4 15. Bxe4
Bb7 16. Rd2 Qc7 17. Rad1 c5 18. Bxb7 Qxb7 19. dxc5 Qc7 20. cxb6 axb6 21. Rd7
Qxe5 22. Qxe5 Bxe5 23. Bxe7 Rfe8 24. a4 Kg7 25. Bd8 Rb8 26. Bc7 Bxc7 27. Rxc7
Kf6 28. Rdd7 Rf8 29. Kg2 g5 30. g4 Rbd8 31. Kf3 Rxd7 32. Rxd7 Rb8 33. Ke4 Rc8
34. Kd4 Rc6 35. b4 Rc8 36. Rd6 Rb8 37. c5 Ke7 38. Rxb6 Rd8+ 39. Ke3 1-0

[Event "3. Open Distrito Chamartín 2014"]
[Site "Madrid ESP"]
[Date "2014.09.09"]
[Round "4.13"]
[White "Plazuelo Pascual, Juan"]
[Black "Algaba Traspuesto, Jose Antoni"]
[Result "1-0"]
[WhiteElo "1995"]
[BlackElo "1691"]
[PlyCount "87"]
[EventDate "2014.09.07"]
[EventType "swiss"]
[EventRounds "9"]
[EventCountry "ESP"]
[SourceTitle "Ajedrez en Madrid"]
[Source "lmi"]
[SourceDate "2014.09.07"]
[SourceVersion "1"]
[SourceVersionDate "2015.07.30"]
[SourceQuality "1"]

1. d4 Nf6 2. c4 g6 3. f3 c5 4. d5 d6 5. e4 Bg7 6. Ne2 O-O 7. Nec3 Na6 8. Bg5
Bd7 9. Be2 Rb8 10. O-O Nc7 11. a4 b6 12. Qd2 a6 13. Na3 Qe8 14. f4 h6 15. Bh4
Kh7 16. e5 Ng8 17. Bg3 f5 18. Rfe1 Qd8 19. Rab1 a5 20. Bf3 Na6 21. Nab5 Bxb5
22. Nxb5 Qd7 23. exd6 exd6 24. Re6 Rf6 25. Rbe1 Nc7 26. Nxc7 Qxc7 27. Bh4 Rxe6
28. Rxe6 Qd7 29. b3 Rf8 30. Qe2 Bf6 31. Bxf6 Rxf6 32. Re8 Rf7 33. Qe6 Qxe6 34.
dxe6 Re7 35. Rb8 Rxe6 36. Bd5 Re3 37. Bxg8+ Kg7 38. Bd5 Rxb3 39. Bc6 Kf6 40. h3
Rb4 41. Bb5 d5 42. Rxb6+ Ke7 43. cxd5 Rxf4 44. d6+ 1-0

[Event "3. Open Distrito Chamartín 2014"]
[Site "Madrid ESP"]
[Date "2014.09.09"]
[Round "4.14"]
[White "Abul, Qasem"]
[Black "Rodriguez Sebastian, Roberto"]
[Result "1-0"]
[WhiteElo "1994"]
[BlackElo "1666"]
[PlyCount "91"]
[EventDate "2014.09.07"]
[EventType "swiss"]
[EventRounds "9"]
[EventCountry "ESP"]
[SourceTitle "Ajedrez en Madrid"]
[Source "lmi"]
[SourceDate "2014.09.07"]
[SourceVersion "1"]
[SourceVersionDate "2015.07.30"]
[SourceQuality "1"]

1. f3 e5 2. e4 Bc5 3. Ne2 Nc6 4. c3 d5 5. d4 exd4 6. cxd4 Bb4+ 7. Nbc3 dxe4 8.
fxe4 Qh4+ 9. Ng3 Nf6 10. d5 Nxe4 11. Qe2 Nd4 12. Qxe4+ Qxe4+ 13. Ngxe4 Nc2+ 14.
Kf2 Nxa1 15. Bd3 O-O 16. Bf4 Nb3 17. axb3 Ba5 18. Rc1 Bb6+ 19. Kf3 Rd8 20. g4
Bd7 21. Ng5 h6 22. Nge4 Re8 23. Ng3 g5 24. Bd2 f6 25. Nf5 Bxf5 26. Bxf5 Kg7 27.
Nb5 c6 28. dxc6 bxc6 29. Rxc6 Red8 30. Nd6 Rdb8 31. Bc3 Bd8 32. Ra6 Bb6 33. Nc4
Rb7 34. Ne5 Rc7 35. Nd7 Rb7 36. Bxf6+ Kf7 37. Nxb6 Rab8 38. Bc3 Rxb6 39. Rxb6
Rxb6 40. b4 a6 41. Ke4 Rd6 42. Bd4 Rc6 43. Bc5 a5 44. Kd5 Ra6 45. b5 Ra8 46. b6
1-0

[Event "3. Open Distrito Chamartín 2014"]
[Site "Madrid ESP"]
[Date "2014.09.09"]
[Round "4.15"]
[White "Martinez De Navascues, Francis"]
[Black "Molina Garcia, Francisco J"]
[Result "1/2-1/2"]
[WhiteElo "1760"]
[BlackElo "1901"]
[PlyCount "48"]
[EventDate "2014.09.07"]
[EventType "swiss"]
[EventRounds "9"]
[EventCountry "ESP"]
[SourceTitle "Ajedrez en Madrid"]
[Source "lmi"]
[SourceDate "2014.09.07"]
[SourceVersion "1"]
[SourceVersionDate "2015.07.30"]
[SourceQuality "1"]

1. Nf3 Nf6 2. b3 g6 3. g3 Bg7 4. Bb2 O-O 5. Bg2 d5 6. O-O c5 7. d3 Nc6 8. Nbd2
Qc7 9. c4 d4 10. Ng5 Bf5 11. Nde4 b6 12. Nxf6+ Bxf6 13. Ne4 Bg7 14. Bc1 Rad8
15. Bd2 Qd7 16. Qc1 Bh3 17. Bh6 Bxg2 18. Kxg2 Qg4 19. Bxg7 Kxg7 20. Qd2 h6 21.
h3 Qh5 22. g4 Qh4 23. Qf4 e5 24. Qg3 Qxg3+ 1/2-1/2

[Event "3. Open Distrito Chamartín 2014"]
[Site "Madrid ESP"]
[Date "2014.09.10"]
[Round "5.1"]
[White "Roa Alonso, Santiago"]
[Black "Lisarri Tomas, Antonio"]
[Result "1-0"]
[WhiteElo "2397"]
[BlackElo "2033"]
[PlyCount "49"]
[EventDate "2014.09.07"]
[EventType "swiss"]
[EventRounds "9"]
[EventCountry "ESP"]
[SourceTitle "Ajedrez en Madrid"]
[Source "lmi"]
[SourceDate "2014.09.07"]
[SourceVersion "1"]
[SourceVersionDate "2015.07.30"]
[SourceQuality "1"]

1. e4 c5 2. Nf3 d6 3. d4 cxd4 4. Nxd4 Nf6 5. Nc3 e6 6. f4 a6 7. Bd3 Be7 8. O-O
Nbd7 9. Kh1 Qc7 10. Qe1 b5 11. a3 Bb7 12. Bd2 Nb6 13. b3 Rc8 14. e5 Ng4 15. Qg3
h5 16. Rae1 dxe5 17. fxe5 Qd8 18. Nf3 b4 19. axb4 Bxb4 20. Nb5 Be7 21. Nd6+
Bxd6 22. exd6 Nd7 23. Rxe6+ fxe6 24. Bg6+ Kf8 25. Ng5+ 1-0

[Event "3. Open Distrito Chamartín 2014"]
[Site "Madrid ESP"]
[Date "2014.09.10"]
[Round "5.2"]
[White "Nieto De La Cruz, Julio"]
[Black "Perez Mitjans, Orelvis"]
[Result "0-1"]
[WhiteElo "2179"]
[BlackElo "2440"]
[PlyCount "71"]
[EventDate "2014.09.07"]
[EventType "swiss"]
[EventRounds "9"]
[EventCountry "ESP"]
[SourceTitle "Ajedrez en Madrid"]
[Source "lmi"]
[SourceDate "2014.09.07"]
[SourceVersion "1"]
[SourceVersionDate "2015.07.30"]
[SourceQuality "1"]

1. d4 Nf6 2. Nf3 g6 3. Bf4 Bg7 4. e3 d6 5. h3 O-O 6. Be2 Nc6 7. c4 Nd7 8. Nc3
e5 9. Bh2 f5 10. a3 Kh8 11. Rc1 exd4 12. exd4 g5 13. d5 Nce5 14. Nd4 Nc5 15.
O-O Qf6 16. b4 Ne4 17. Ncb5 Qe7 18. f4 gxf4 19. Bxf4 a6 20. Nc3 Ng6 21. Bh2 Bh6
22. c5 Nd2 23. Rc2 Qe3+ 24. Kh1 Qxd4 25. cxd6 Be3 26. Bg1 f4 27. Nb1 Nxf1 28.
Qxd4+ Bxd4 29. Bxd4+ Kg8 30. Bxf1 cxd6 31. Nd2 Bf5 32. Rc3 Rae8 33. Nc4 Re1 34.
Kg1 Rd1 35. Bf2 Rc8 36. Rb3 0-1

[Event "3. Open Distrito Chamartín 2014"]
[Site "Madrid ESP"]
[Date "2014.09.10"]
[Round "5.3"]
[White "Hernando Pertierra, Jose C"]
[Black "Elissalt Cardenas, Hector"]
[Result "1/2-1/2"]
[WhiteElo "2379"]
[BlackElo "2334"]
[PlyCount "90"]
[EventDate "2014.09.07"]
[EventType "swiss"]
[EventRounds "9"]
[EventCountry "ESP"]
[SourceTitle "Ajedrez en Madrid"]
[Source "lmi"]
[SourceDate "2014.09.07"]
[SourceVersion "1"]
[SourceVersionDate "2015.07.30"]
[SourceQuality "1"]

1. Nf3 c5 2. g3 Nf6 3. Bg2 Nc6 4. O-O g6 5. c4 d5 6. d4 dxc4 7. dxc5 Qxd1 8.
Rxd1 Bg7 9. Na3 Ne4 10. Nxc4 Nxc5 11. Be3 Ne6 12. Rd2 O-O 13. Rad1 Ned8 14. Nd4
Bxd4 15. Bxd4 Be6 16. b3 Rc8 17. Be3 f6 18. Nb2 Nb4 19. Nd3 Nxd3 20. Rxd3 b6
21. Bd5 Kf7 22. Kg2 Bxd5+ 23. Rxd5 Ne6 24. Rd7 Rfd8 25. Rxd8 Rxd8 26. Rc1 Ke8
27. Rc4 Rd7 28. a4 Rc7 29. Rb4 Kd7 30. a5 bxa5 31. Rb5 Nd8 32. Rd5+ Kc8 33.
Rxa5 Nc6 34. Rc5 Kd7 35. Rd5+ Kc8 36. Rc5 Kd7 37. Rb5 Kc8 38. h4 Rb7 39. Rc5
Kd7 40. Rc3 Na5 41. b4 Nc6 42. Ra3 Rxb4 43. Bxa7 Nxa7 44. Rxa7+ Ke6 45. Ra5 h5
1/2-1/2